| 000 | 01139nam a22003254i 4500 | ||
|---|---|---|---|
| 999 |
_c65541 _d65541 |
||
| 001 | 768714001 | ||
| 003 | CO-MdFUSB | ||
| 005 | 20200401161135.0 | ||
| 007 | cr aa aaaaaaaa | ||
| 008 | 200326t2015 sp ||||g |||| 00| 0 eng d | ||
| 020 | _a 9788482679723 | ||
| 040 |
_aCO-MdFUSB _bspa _cCO-MdFUSB _dCO-MdFUSBC _erda |
||
| 041 | _aspa | ||
| 082 |
_223 _a251 |
||
| 100 |
_a Ropero Berzosa, Alfonso _eautor |
||
| 245 |
_aHomilética bíblica _c/ Alfonso Ropero Berzosa _h [recurso electrónico] |
||
| 264 | 1 |
_aEspaña : _bClie, _c[2015] |
|
| 264 | 4 | _c© 2014 | |
| 300 |
_a325 páginas _c; |
||
| 336 |
_2rdacontent _atexto _btxt |
||
| 337 |
_2rdamedia _ainformático _bc |
||
| 338 |
_2rdacarrier _aremoto _bcr |
||
| 506 | _aPréstamos en biblioteca del libro físico | ||
| 506 | _aSolicitar clave y usuario para acceder al libro electrónico | ||
| 650 | 0 |
_954 _aPredicación |
|
| 856 |
_uhttp://search.ebscohost.com/login.aspx?direct=true&scope=site&db=nlebk&db=nlabk&AN=1681836 _b1681836 _zAbrir Versión electrónica del libro Homilética bíblica |
||
| 942 | _cBK | ||
| 945 | _aJTF-925 | ||